Commercial property market of the Netherlands .- Autumn 1978 - Autumn 1981 (Record no. 91959)

MARC details
000 -LEADER
fixed length control field 00589cam a2200229 4500
001 - CONTROL NUMBER
control field B1820
008 - FIXED-LENGTH DATA ELEMENTS--GENERAL INFORMATION
fixed length control field 090401t1981 xxu||||| |||| 00| 0 eng d
035 ## - SYSTEM CONTROL NUMBER
System control number (Sirsi) u46623
041 ## - LANGUAGE CODE
Language code of text/sound track or separate title eng
050 ## - LIBRARY OF CONGRESS CALL NUMBER
Classification number 333.33709492
110 ## - MAIN ENTRY--CORPORATE NAME
Corporate name or jurisdiction name as entry element Savills
9 (RLIN) 2020
245 ## - TITLE STATEMENT
Title Commercial property market of the Netherlands .- Autumn 1978 - Autumn 1981
260 ## - PUBLICATION, DISTRIBUTION, ETC.
Place of publication, distribution, etc. Amsterdam
Name of publisher, distributor, etc. Savills
Date of publication, distribution, etc. 1978-1981
300 ## - PHYSICAL DESCRIPTION
Extent 7v. ; 30cm.
350 ## - PRICE (NR) (BK AM CF MU VM SE) [OBSOLETE]
Price 0
520 ## - SUMMARY, ETC.
Summary, etc. Text in Dutch and English.
650 ## - SUBJECT ADDED ENTRY--TOPICAL TERM
Topical term or geographic name entry element INDUSTRIAL PROPERTY
650 ## - SUBJECT ADDED ENTRY--TOPICAL TERM
Topical term or geographic name entry element OFFICES
650 ## - SUBJECT ADDED ENTRY--TOPICAL TERM
Topical term or geographic name entry element SHOPS
942 ## - ADDED ENTRY ELEMENTS (KOHA)
Suppress in OPAC 0
948 ## - LOCAL PROCESSING INFORMATION (OCLC); SERIES PART DESIGNATOR (RLIN)
c (OCLC) 04/03/1997
Holdings
Withdrawn status Lost status Source of classification or shelving scheme Damaged status Not for loan Home library Current library Shelving location Date acquired Total Checkouts Full call number Barcode Date last seen Copy number Price effective from Koha item type
    Dewey Decimal Classification     London London Property market reports 14/09/1999   LIBRARY ANNEXE 30029985 06/08/2019 1 06/08/2019 Book
    Dewey Decimal Classification     London London Property market reports 14/09/1999   LIBRARY ANNEXE 30029989 06/08/2019 2 06/08/2019 Book
    Dewey Decimal Classification     London London Property market reports 14/09/1999   LIBRARY ANNEXE 30029992 06/08/2019 3 06/08/2019 Book
    Dewey Decimal Classification     London London Property market reports 14/09/1999   LIBRARY ANNEXE 30029996 06/08/2019 4 06/08/2019 Book
    Dewey Decimal Classification     London London Property market reports 14/09/1999   LIBRARY ANNEXE 30030098 06/08/2019 5 06/08/2019 Book
    Dewey Decimal Classification     London London Property market reports 14/09/1999   LIBRARY ANNEXE 30030099 06/08/2019 6 06/08/2019 Book
    Dewey Decimal Classification     London London Property market reports 14/09/1999   LIBRARY ANNEXE 30030102 06/08/2019 7 06/08/2019 Book